Ψυχανάλυση και θρησκεία

Αποθηκεύτηκε σε:
Λεπτομέρειες βιβλιογραφικής εγγραφής
Κύριος συγγραφέας: Fromm, Erich, 1900-1980
Άλλοι συγγραφείς: Μαρκίδη, Αιμιλία (trlf), Χριστοφίδου, Κίκα (edtf)
Μορφή: Βιβλίο
Γλώσσα:Greek
German
Δημοσίευση: Αθήνα : Μπουκουμάνης, 1974.
Έκδοση:2η έκδ.
Σειρά:Κοινωνιολογία - Φιλοσοφία (Μπουκουμάνης)
Θέματα:
Ετικέτες: Προσθήκη ετικέτας
Δεν υπάρχουν, Καταχωρήστε ετικέτα πρώτοι!

MARC

LEADER 00000cam a2200000 i 4500
001 1/53426
008 960507s1974 gr | ||| |||| ||gre||
035 |l 10027517 
040 |a GR-MY-UA  |b gre  |e aacr 
041 1 |a gre  |h ger 
082 7 |a 320   |2 (23) 
082 7 |a 150.1957   |2 (22) 
100 1 |a Fromm, Erich,   |d 1900-1980. 
245 1 0 |a Ψυχανάλυση και θρησκεία /   |c Erich Fromm ; μετάφραση: Αιμιλία Μαρκίδη ; επιμέλεια μετάφρασης: Κίκα Δ. Χριστοφίδου.  
250 |a 2η έκδ.  
260 |a Αθήνα :   |b Μπουκουμάνης,   |c 1974.  
300 |a 130 σ. ;   |c 22 εκ.  
490 1 |a (Κοινωνιολογία - Φιλοσοφία / Μπουκουμάνης)  
500 |a Τίτλος πρωτοτύπου: Psychoanalysis and religion.  
500 |a Το αντίτυπο της Ρόδου με αριθμό εισαγωγής 122473 είναι δεμένο με: Θα επικρατήσει ο άνθρωπος / Erich Fromm. - Το δόγμα του Χριστού / Erich Fromm.  
650 0 0 |a Psychoanalysis and religion. 
700 1 |a Μαρκίδη, Αιμιλία,  |e trlf 
700 1 |a Χριστοφίδου, Κίκα,  |e edtf 
830 0 |a Κοινωνιολογία - Φιλοσοφία (Μπουκουμάνης) 
852 |a INST  |b CHIOS  |e 19960507  |h 150.1957 FRO  |p 005200000236  |q 005200000236  |t BK  |y 0 
852 |a INST  |b LESVOS  |e 19980316  |h 150.1957 FRO  |p 005100014832  |q 005100014832  |t BK  |y 0 
852 |a INST  |b RHODES  |c KRI  |e 20060407  |h  320 FRO  |p 005400021064  |q 005400021064  |t BK  |y 0 
901 |a BIBL-1998-2 
901 |a BIBL4-2006-1 
909 |a Χ  |b 031361 
909 |a Ρ  |b 122743 
909 |a Λ  |b 054323 
922 |a 1ΕΛΗ  |b 199802  |c ΚΠΣ/ΤΚ  |d EMVASIS 
950 |a 103-1998-02-03